| 000 | 00711nam a2200205 a 4500 | ||
|---|---|---|---|
| 005 | 20240913064021.0 | ||
| 008 | 991125s1907 mx 000 0 spa u | ||
| 035 | _aUPN01000012257 | ||
| 049 | _aCE | ||
| 050 | 4 |
_aLB1029.2 _bT6.2 |
|
| 100 | 1 |
_aTorres Quintero, Gregorio, _d1866-1934 |
|
| 245 | 1 | 3 |
_aEl criterio sobre los métodos de escritura-lectura del señor profesor Abraham Castellanos / _cpor Gregorio Torres Quintero. |
| 260 |
_aMéxico : _bA. Carranza, _c1907. |
||
| 300 | _a232 p. | ||
| 440 | 0 | _aEnseñanza de la escritura-lectura | |
| 500 | _aDatos tomados de la cubierta | ||
| 650 | 4 |
_aLectura _xEstudio y enseñanza (Elemental) _92805 |
|
| 650 | 4 |
_aMétodo onomatopéyico _917670 |
|
| 905 | _aLibro | ||
| 999 |
_c12257 _d12257 |
||